000 00712nam a22002057a 4500
999 _c4794
_d4794
003 AR-CdUCM
008 190311b ||||| |||| 00| 0 spa d
040 _aMUNICIPALIDAD PROVINCIAL DEL CUSCO
_cBIBLIOTECA MUNICIPAL DEL CUSCO
082 _a808.81 /
_bCH.13
100 _aChacón Delgado, Luis Ernesto
_914802
245 _aDe la tierra de adentro /
260 _aCusco :
_bPantigoso,
_c1989.
300 _a74 paginas ;
_c22 cm.
505 _aContenido : Flora y fauna me llamaron -- Como el hombre de barro hecho -- Que en piedras labró sus sueños ...
650 _aPoesía cusqueña
_92323
650 _apoesía peruana
_914803
650 _aLiteratura peruana
_9169
942 _2ddc
_cLIBROS
945 _arah